Posledný Silvester Jánošíka. Krach Jakuba Surovca. Konkurz

Bibliographic Details
Main Author: Grexa, Ján, 1941- (Author)
Format: Article
Language:Slovak
Subjects:

MARC

LEADER 00000nab a2200000 a 4500
001 vtls000238149
003 SK-MaSNL
005 20260302210841.0
008 111130c1985 xo 0 slo
015 |a SNBRB19rr/mm-uuuuu 
035 |a CL0248263 
040 |a SNKBUCL  |b slo  |c SNKBUCL  |e AACR2 
041 0 |a slo 
044 |a xo  |c SK 
080 |a 885.4-3  |2 1981 
100 1 |a Grexa, Ján,  |d 1941-  |4 aut  |9 90026 
245 1 0 |a Posledný Silvester Jánošíka. Krach Jakuba Surovca. Konkurz  |c Ján Grexa 
500 |a V rubrike Próza-poézia-próza. Pod spoločným názvom Zasmejme sa a podumajme s našimi satirikmi. 
650 0 7 |a poviedky satirické  |2 snkbucl  |9 893880 
650 0 7 |a humoristické poviedky  |2 snkbucl  |9 74226 
655 7 |a články z novín a časopisov  |2 snkbucl  |9 267496 
655 7 |a články z odboru literárna veda a krásna literatúra  |2 snkbucl  |9 770045 
773 0 |t Ľud  |g Roč. 38, č. 305 (28. 12. 1985), s. /5/ 
850 |a Slovenská národná knižnica v Martine  |a MTA001 
852 |a SNK  |b KIS3GCP 
958 |a RK 
958 |a LX 
992 |a RBX 
999 |c 1484213  |d 1486143